| 000 | 00772nam a2200253 4500 | ||
|---|---|---|---|
| 003 | OSt | ||
| 005 | 20260601171002.0 | ||
| 008 | 260508b1979\\\\|||ae|||\||||\00|\0\spa\d | ||
| 040 |
_aICI _bspa _cICI |
||
| 050 |
_aLB1044.87 _bF47 |
||
| 100 | 1 |
_aGiacomantonio, Marcello _931631 |
|
| 245 | 1 | _aLa enseñanza audiovisual | |
| 264 |
_bGustavo Gili Barcelona _c1979 _aEspaña |
||
| 300 | _a213 páginas | ||
| 336 |
_atexto _2rdacontent |
||
| 337 |
_asin medio _2rdamedia |
||
| 338 |
_avolumen _2rdacarrier |
||
| 650 |
_aMedios audiovisuales en la educación _931632 |
||
| 650 | _aTecnología educativa | ||
| 650 | _aComunicación audiovisual | ||
| 650 |
_aMaterial didáctico audiovisual _931635 |
||
| 650 |
_aEnseñanza _xMétodos audiovisuales _931636 |
||
| 942 |
_2lcc _cB _n1 |
||
| 999 |
_c20125 _d20125 |
||